000 00429 a2200145 4500
005 20250626084157.0
020 _a978-0-7575-7773-4
082 _a658.5 KOZ.
100 _aKOZAR, K.A.
245 _aIntroduction to Operations & Information Management Systems View,
260 _aNew York,
_bKendall Hunt Publishing Company,
_c2010.
300 _a263p: ill.; figure,picture,
_c27cm.
700 _aMIASKIEWICZ, T.
942 _2ddc
_cBKS
999 _c5249
_d5249